| 000 | 00751nam a2200289Ia 4500 | ||
|---|---|---|---|
| 001 | 5644 | ||
| 005 | 20240113233841.0 | ||
| 007 | ta | ||
| 008 | 050622s1993 g b000 u eng u | ||
| 020 | _a0-333-08813-1 | ||
| 040 | _aCotton College,Assam | ||
| 041 | _aeng | ||
| 082 |
_a822.33 _bSh 11 Wi |
||
| 100 | _aShakespeare, William . | ||
| 245 | 0 |
_aThe Winter`s Tale / _cWilliam Shakespeare. _hTextual Documents |
|
| 250 | _a1st ed. / | ||
| 260 |
_aLondon : _bThe Macmillan Press Ltd , _c1993. |
||
| 300 |
_a243p. ; _c22cm. |
||
| 504 | _aIndex | ||
| 653 | _aEnglish drama | ||
| 653 | _aShakespeare, William-Criticism | ||
| 653 | _aT/G-English | ||
| 942 |
_2ddc _cBK |
||
| 999 |
_c5631 _d5631 |
||